Loading...
| Mythology | 2 | 2 | 0 | 0 | 50 | 42 | 99.25 | 1 | 3 | 0.00 | 0.00 |
| Social Science | 0 | 5 | 0 | 1 | 50 | 102 | 117.00 | 0 | 3 | 0.00 | 0.00 |
| Fine Arts - Other | 0 | 5 | 1 | 1 | 45 | 97 | 120.80 | 1 | 4 | 0.00 | 0.00 |
| Religion | 0 | 3 | 0 | 1 | 30 | 118 | 136.33 | 0 | 0 | 0.00 | 0.00 |
| Literature - Long Fiction | 1 | 2 | 1 | 0 | 30 | 85 | 99.33 | 1 | 2 | 0.00 | 0.00 |
| History - Other | 0 | 3 | 1 | 2 | 25 | 68 | 112.00 | 0 | 0 | 0.00 | 0.00 |
| Literature - Poetry | 0 | 2 | 0 | 1 | 20 | 105 | 131.00 | 1 | 1 | 0.00 | 0.00 |
| Literature - Short Fiction | 1 | 0 | 0 | 0 | 15 | 46 | 46.00 | 1 | 1 | 0.00 | 0.00 |
| Other Academic | 0 | 2 | 1 | 1 | 15 | 126 | 139.50 | 0 | 1 | 0.00 | 0.00 |
| Philosophy | 0 | 2 | 1 | 1 | 15 | 119 | 128.00 | 0 | 0 | 0.00 | 0.00 |
| History - World | 0 | 1 | 0 | 1 | 10 | 150 | 150.00 | 0 | 0 | 0.00 | 0.00 |
| History - European | 0 | 1 | 0 | 0 | 10 | 130 | 130.00 | 0 | 1 | 0.00 | 0.00 |
| Short Fiction and Other | 0 | 1 | 0 | 0 | 10 | 96 | 96.00 | 0 | 1 | 0.00 | 0.00 |
| Fine Arts - Painting and Sculpture | 0 | 2 | 2 | 0 | 10 | 108 | 129.50 | 0 | 1 | 0.00 | 0.00 |
| Literature - Drama | 0 | 1 | 0 | 0 | 10 | 108 | 108.00 | 0 | 1 | 0.00 | 0.00 |
| Fine Arts - Classical Music | 0 | 1 | 0 | 0 | 10 | 125 | 125.00 | 0 | 0 | 0.00 | 0.00 |
| Science - Biology | 0 | 2 | 2 | 1 | 10 | 132 | 134.00 | 0 | 0 | 0.00 | 0.00 |
| Science - Other | 0 | 1 | 0 | 0 | 10 | 137 | 137.00 | 0 | 0 | 0.00 | 0.00 |
| Science - Physics | 0 | 1 | 0 | 1 | 10 | 133 | 133.00 | 0 | 0 | 0.00 | 0.00 |
| History - American | 0 | 0 | 0 | 0 | 0 | 0.00 | 0 | 0 | 0.00 | 0.00 | |
| Science - Math | 0 | 0 | 1 | 0 | -5 | 0.00 | 0 | 0 | 0.00 | 0.00 |